Obálka Náhled e-knihy:
Epub
Pro půjčování e-knih musíte být přihlášeni.
Jak si půjčit online?

My všichni podezřelí /

Whitney Finnová je stalkerka.Každé ráno vyráží s falešným kočárkem do luxusní čtvrti, kde z bezpečné vzdálenosti sleduje životy boha¬tých rodin. Zná jejich zvyky, jejich tajemství i praskli¬ny pod dokonale naleštěným povrchem. Nejvíc ji fascinuje Emma Sullivanová – krásná, úspěšná žena s dokonalým d...

Celý popis

Uloženo v:
Hlavní autor: Minářová, Elena (Autor)
Médium: E-kniha
Jazyk:Czech
Vydáno: Praha : Fortuna Libri, spol. s r.o., 2026
Tagy:
Žádné tagy
LEADER 01764nam a22002297i 4500
001 313624
007 ta
008 260604s2026 xr ||||| |||| 00| 0 cze d
020 |a 9788075467188 
044 |a xr 
100 1 |a  Minářová, Elena  |4 aut 
245 1 0 |a My všichni podezřelí /  |c  Minářová, Elena 
264 1 |a Praha :  |b Fortuna Libri, spol. s r.o.,  |c 2026 
300 |a 1 online zdroj (240 stran) 
336 |a text  |b txt  |2 rdacontent 
337 |a bez média  |b n  |2 rdamedia 
338 |a online zdroj  |b cr  |2 rdacarrier 
520 2 |a Whitney Finnová je stalkerka.Každé ráno vyráží s falešným kočárkem do luxusní čtvrti, kde z bezpečné vzdálenosti sleduje životy boha¬tých rodin. Zná jejich zvyky, jejich tajemství i praskli¬ny pod dokonale naleštěným povrchem. Nejvíc ji fascinuje Emma Sullivanová – krásná, úspěšná žena s dokonalým domem, dokonalým manželem i dcerou.Jednoho dne však Emma svou pečlivě nalinkovanou rutinu změní.A krátce nato zmizí její malá dcera Abby.Whitney je přesvědčená, že ona jediná tomu může přijít na kloub. Stačí jediné – proniknout do uzavře¬ného kruhu zdánlivě dokonalých žen.Jenže v ulici plné lží, přetvářky a pečlivě střežených tajemství jsou najednou podezřelí všichni. Psychologický thriller od autorky titulů Než zjistíš pravdu a Mrazivé pouto 
910 |a RBIT002 
998 |d 427597  |a https://core.palmknihy.cz/api/books/427597/cover?tg1rkf  |b https://core.palmknihy.cz/api/books/427597/cover/400?tg1rkf  |c https://core.palmknihy.cz/api/books/427597/cover/50?tg1rkf  |e 2033-01-21  |g 240  |i 9788075467188  |j https://core.palmknihy.cz/api/books/427597/preview.epub  |l   |q 49  |r 1  |s https://www.palmknihy.cz/kniha/427597  |t ebook  |y 2026  |z 1 
999 |d 313622